Fishing for coherence in West Africa policy coherence in the fisheries sector in seven west african countries

Guardado en:
Detalles Bibliográficos
Formato: Libro
Lenguaje:inglés
Publicado: Paris OECD 2008
Colección:<The> development dimension
Materias:
Etiquetas: Agregar Etiqueta
Sin Etiquetas, Sea el primero en etiquetar este registro!

MARC

LEADER 00000nam$a2200000$$$4500
001 0084109
005 20240315120634.2
020 |a 978-92-64-04058-8 
041 0 |a eng 
044 |a FR 
245 1 0 |a Fishing for coherence in West Africa  |b policy coherence in the fisheries sector in seven west african countries 
264 1 |a Paris  |b OECD  |c 2008 
300 |a 123 s. 
490 1 |a <The> development dimension 
830 0 |a <The> development dimension 
610 2 0 |a rybolov 
610 2 0 |a krajiny rozvojové 
610 2 0 |a prostredie životné 
610 2 0 |a technológia 
610 2 0 |a dôsledky sociálne 
610 2 0 |a kontrola 
610 2 0 |a riadenie 
610 2 0 |a dohody medzinárodné 
610 2 0 |a porovnanie medzinárodné 
610 2 0 |a rybárstvo 
610 2 0 |a priemysel rybný 
610 2 0 |a produkcia 
610 2 0 |a Afrika